A Rákosy Glass tevékenységének elemzése, fókuszban a fűthető üveg

Bibliographic Details
Main Author: Ádám Dávid
Other Authors: Fabula László
Format: Thesis
Kulcsszavak:üveg
fűthető üveg
rákosy glass
innováció
üveggyártás
Online Access:http://dolgozattar.uni-bge.hu/5086

MARC

LEADER 00000nta a2200000 i 4500
001 dolg5086
005 20160727101415.0
008 160429suuuu hu om 000 hun d
040 |a BGE Dolgozattár Repozitórium  |b hun 
041 |a hu 
100 1 |a Ádám Dávid 
245 1 2 |a A Rákosy Glass tevékenységének elemzése, fókuszban a fűthető üveg  |c Ádám Dávid  |h [elektronikus dokumentum] 
246 1 1 |a A Rákosy Glass tevékenységének elemzése, fókuszban a fűthető üveg 
695 |a üveg 
695 |a fűthető üveg 
695 |a rákosy glass 
695 |a innováció 
695 |a üveggyártás 
700 1 |a Fabula László  |e ths 
856 4 0 |u http://dolgozattar.uni-bge.hu/5086/1/%C3%81d%C3%A1m_D%C3%A1vid%20Szakdolgozat.v%C3%A9gleges.pdf  |z Dokumentum-elérés